Most common Italian words (3/4) - Statistics

General Stats
  • This quiz has been taken 83 times
    36 since last reset
  • The average score is 129 of 197
Answer Stats
Italiano English % Correct
tutto all
100%
grosso big
100%
grande big, great
100%
mio my
100%
americano American
90%
nero black
90%
facile easy
90%
inglese English
90%
libero free
90%
futuro future
90%
suo his
90%
importante important
90%
italiano Italian
90%
nazionale national
90%
prossimo next
90%
vecchio old
90%
solo only
90%
perfetto perfect
90%
personale personnel, staff
90%
reale real
90%
rosso red
90%
speciale special
90%
alto tall
90%
quello that
90%
questo this
90%
bianco White
90%
ampio ample, large
80%
bello beautiful
80%
centrale central
80%
freddo cold
80%
europeo European
80%
famoso famous
80%
primo first
80%
francese French
80%
fresco fresh
80%
generale general
80%
buono good
80%
verde green
80%
grigio Grey
80%
contento | felice happy
80%
caldo hot
80%
quanto how much
80%
impossibile impossible
80%
industriale industrial
80%
interessante Interesting
80%
internazionale international
80%
latino Latin
80%
militare military
80%
moderno modern
80%
morale moral
80%
naturale natural
80%
vicino near, close
80%
nuovo new
80%
normale normal
80%
nostro our
80%
politico politic
80%
possibile possible
80%
privato private
80%
pubblico public
80%
pronto ready
80%
religioso religious
80%
ricco rich
80%
destro right
80%
secondo second
80%
sociale social
80%
forte strong
80%
stupido stupid
80%
dolce sweet
80%
quale which
80%
giallo yellow
80%
tuo | vostro your
80%
alcuno | qualsiasi any
70%
biondo blond
70%
caratteristico characteristic
70%
economico cheap
70%
civile civil
70%
contrario contrary
70%
difficile difficult
70%
diretto direct
70%
elettrico electric
70%
ogni every
70%
estremo extreme
70%
tedesco German
70%
mezzo half
70%
umano human
70%
ultimo last
70%
sinistro left
70%
poco little
70%
lungo long
70%
più more
70%
tanto much
70%
nobile noble
70%
numeroso numerous
70%
ufficiale official
70%
altro other
70%
particolare particular
70%
povero poor
70%
puro pure
70%
rapido rapid
70%
triste sad
70%
medesimo | stesso same
70%
piccolo small
70%
strano strange
70%
tecnico technical
70%
loro their
70%
stanco tired
70%
troppo too
70%
vario varied, various
70%
molto very
70%
assoluto absolute
60%
cattivo bad
60%
migliore best
60%
meglio better
60%
cristiano Christian
60%
chiaro clear
60%
continuo continuous
60%
diverso different
60%
intero entire, full
60%
straordinario extraordinary
60%
lontano far
60%
pieno full
60%
greco Greek
60%
duro hard
60%
nudo naked
60%
necessario necessary
60%
nessuno nobody
60%
tranquillo | zitto quiet
60%
recente recent
60%
romano Roman
60%
sacro sacred
60%
segreto secret
60%
sereno serene
60%
grave | serio serious
60%
simile similar
60%
semplice simple
60%
qualche some
60%
terzo third
60%
vero true
60%
brutto ugly
60%
unico unique, single
60%
inutile useless
60%
giovane young
60%
antico ancient
50%
cittadino citizen
50%
pericoloso dangerous
50%
profondo deep
50%
vuoto empty
50%
straniero foreigner
50%
enorme huge
50%
interno internal
50%
leggero light
50%
massimo maximum
50%
minimo minimum
50%
russo Russian
50%
tale such
50%
sicuro sure
50%
utile useful, helpful
50%
estero abroad
40%
medio average
40%
breve brief, short
40%
cattolico Catholic
40%
pazzo/matto crazy
40%
caro Dear
40%
uguale equal
40%
azzurro light blue
40%
proprio own
40%
piano plan
40%
pricipale principal
40%
solito usual
40%
largo wide
40%
peggio worse
40%
capace able
30%
basso bass
30%
attento careful
30%
comodo comfortable
30%
comune common
30%
attuale current
30%
buio dark
30%
ciascuno each
30%
contadino farmer
30%
quarto fourth
30%
maggiore greater
30%
storico historical
30%
noto known
30%
sottile thin
30%
minore lower
20%
certo of course
20%
notevole remarkable
20%
improvviso sudden
20%
qualunque whatever
20%
superiore higher
10%
No matching quizzes found
Score Distribution
Percent of People with Each Score
Percentile by Number Answered
Your Score History
You have not taken this quiz since the last reset